000 00954nam a22002177a 4500
005 2012080100180.0
010 _aB-475599
020 _a9788123017679
_c345.00
035 _aB-475599
037 _adpl
_bRBC/Ven
082 _a954
245 _aIndia 2012:
_ba reference annual /
_ccompiled and edited by Research, Reference and Training Division
260 _aNew Delhi
_bPublication Division
_c2012
270 _aMinistry of Information and Broadcasting, Govt. of India, Soochna Bhawan, CGO Complex Lodhi Road,
_bNew Delhi
_e110003
_mdpd@mail.nic.in
300 _a1401p.
_c24cm. (pbk)
700 _aSrivastava, Dayawanti
_950666
700 _aBhatt, Rajendra
_950667
942 _2ddc
_cEN
_mIND
_h954
999 _c68815
_d68815